01629nam a2200373 a 4500001001000000003000500010005001700015008004100032010001100073011001100084040000900095090001000104100003800114245012600152260004100278500006000319502007500379590004100454590004000495590004000535650003700575650004100612650004200653650002700695700004600722856007000768901000700838942001000845942000600855999001900861952011400880952013000994952013101124000115872CHAP20220329144552.0190718s2019 mx | |sm |||||||spa d a112333 a113305 cCHAP aTesis1 aAcevedo García, Arturo.913651810aRespuesta productiva de becerras holstein bajo dos esquemas de alimentacíonh[En línea]cpor Arturo Acevedo García. aChapingo, Méx. :bEl autor,c2019. aPara ver el contenido del material haga clic en la liga aTesis (Ing. Agr. Esp. en Zootecnia) -- UACH. Departamento de Zootecnia aBATCH-UPDb05c20190718lUCH01h1030 aE6337LMJb05c20190718lUCH01h1029 aE6337LMJb05c20190718lUCH01h103114aBecerrosxAlimentación.91117214aGanado HolsteinxNutrición.94514014aGanado HolsteinxProducción.94514114aLechexCalidad.96536211aCeballos Durán, José Ignacio.9136519 aFinding aiduhttp://10.13.5.2/tesis/sist115872.pdfzTeclea aquí aBK cTESIS n0 c112333d112333 00102local40718TESISaBCbBCd2019-07-18fTESISl0oTesisp115883-10r2019-12-31 00:00:00w2019-07-18yCD 00102local40718TESISaZbZd2023-04-27eEl autorl0oTesis A 24 2693pz_T 5157r2023-04-27 00:00:00tEj.1w2023-04-27yCD 00102local40718TESISaZbZd2023-04-27eEl autorl0oTesis A 24 2693pz_T 5158r2023-04-27 00:00:00tEj. 2w2023-04-27yCD